Manual del cultivo del zapallo anquito (Cucurbita moschata duch)
Guardado en:
| Autor Corporativo: | |
|---|---|
| Otros Autores: | , , , , , , |
| Formato: | Electrónico |
| Idioma: | Spanish |
| Publicado: |
La Consulta :
EEA INTA La Consulta,
2013.
INTA Publicaciones regionales |
| Acceso en línea: | Acceso a texto completo |
| Etiquetas: |
Agregar Etiqueta
Sin Etiquetas, Sea el primero en etiquetar este registro!
|
| LEADER | 01214nmm a22002655a 4500 | ||
|---|---|---|---|
| 001 | EEA.libagro009639 | ||
| 008 | 140430s2013####ag#########m########spa#d | ||
| 005 | 20200910192942.0 | ||
| 245 | 1 | 0 | |a Manual del cultivo del zapallo anquito (Cucurbita moschata duch) |h [recurso electrónico] / |c Editor: Pedro Della Gaspera; coordinador: Roberto A. Rodríguez; revisor: Victorio Elisei. |
| 260 | |a La Consulta : |b EEA INTA La Consulta, |c 2013. | ||
| 264 | 1 | |b INTA Publicaciones regionales | |
| 300 | |a 1 DVD. | ||
| 500 | |a El DVD contiene el manual completo en formato pdf. | ||
| 530 | |a Disponible también en línea. | ||
| 700 | 1 | |a Della Gaspera, Pedro. |4 edt | |
| 700 | 1 | |a Rodríguez, Roberto A. | |
| 700 | 1 | |a Elisei, Victorio Raúl. | |
| 700 | 1 | |a Ayastuy, Miren Edurne. | |
| 700 | 1 | |a Khier, Mirta. | |
| 700 | 1 | |a Miglierina, Ana María. | |
| 700 | 1 | |a Delhey, Rolf. | |
| 710 | 2 | |a Instituto Nacional de Tecnología Agropecuaria (Argentina). |b Centro Regional Mendoza - San Juan. |b Estación Experimental Agropecuaria La Consulta. | |
| 082 | 0 | 4 | |a 635.62 |
| 856 | 4 | 1 | |3 Acceso a texto completo |u http://inta.gob.ar/sites/default/files/script-tmp-manual%5Fde%5Fzapallo.pdf |
| 859 | |a AR-BbBCA |b BIB. AGRONOMIA |h 635.62 |i D357 dvd |p 2014/6360 | ||
